Krysy apokalypsy. Kniha druhá, Oko bouře /
Druhý díl postapokalyptické trilogie se opět noří do rozporuplného obrazu budoucnosti, v němž v nelítostném boji o moc a soubojích plných lstí a úkladů mezi sebou soupeří barvitě vykreslené postavy a bytosti.
Uloženo v:
| Série: | Krysy apokalypsy,
část 2 |
|---|---|
| Hlavní autor: | |
| Médium: | E-kniha |
| Jazyk: | Czech |
| Vydáno: |
Brno :
Host,
2021
|
| Vydání: | První vydání |
| Témata: | |
| Příbuzné jednotky: | Z cyklu::
Krysy apokalypsy |
| Tagy: |
Žádné tagy |
| LEADER | 02765nam a2200409 i 4500 | ||
|---|---|---|---|
| 001 | 311493 | ||
| 003 | CZ PrSKC | ||
| 005 | 20260601215706.0 | ||
| 007 | ta | ||
| 008 | 210427s2021 xr g 000 f cze | ||
| 015 | |a cnb003321679 | ||
| 020 | |a 9788027505951 |q (brožováno) : |c Kč 369,00 | ||
| 035 | |a (OCoLC)1260123274 | ||
| 040 | |a ABG001 |b cze |e rda | ||
| 072 | 7 | |a 821.162.3-3 |x Česká próza |2 Konspekt | |
| 080 | |a 821.162.3-31 |2 MRF | ||
| 080 | |a (0:82-312.9) |2 MRF | ||
| 100 | 1 | |a Hartmanová, Zuzana, |d 1990- |7 xx0213414 |4 aut | |
| 245 | 1 | 0 | |a Krysy apokalypsy. |n Kniha druhá, |p Oko bouře / |c Zuzana Hartmanová |
| 246 | 3 | 0 | |a Oko bouře |
| 250 | |a První vydání | ||
| 264 | 1 | |a Brno : |b Host, |c 2021 | |
| 300 | |a 389 stran ; |c 21 cm | ||
| 336 | |a text |b txt |2 rdacontent | ||
| 337 | |a bez média |b n |2 rdamedia | ||
| 338 | |a svazek |b nc |2 rdacarrier | ||
| 520 | 2 | |a Druhý díl postapokalyptické trilogie se opět noří do rozporuplného obrazu budoucnosti, v němž v nelítostném boji o moc a soubojích plných lstí a úkladů mezi sebou soupeří barvitě vykreslené postavy a bytosti. |b I bohové potřebují naději. Mocní se perou o vládu nad známým světem, zatímco magie je čím dál nevyzpytatelnější. Každý dobrý skutek je po zásluze potrestán a ušlechtilé úmysly jsou zašlapány pod nánosy zrady a nedorozumění. Arumielovy plány se pomalu rozpadají a supi už krouží, aby si urvali svůj díl. Velký spasitel je však stále pánem mnoha životů, které může z pouhého rozmaru nechat snadno vyhasnout. Slepá poslušnost jeho poddaných už ale dávno není samozřejmostí. Příliš mnoho jich ztratilo víru a nechává se zlákat vidinou možné svobody. Otázkou zůstává, co bude onou pověstnou poslední kapkou, jež postrčí přes hranu i ty, kteří doposud mlčeli. Jaká pravda musí být odhalena? A kdo kvůli tomu musí zemřít? Každé další Arumielovo rozhodnutí může Ler nadobro přivést do záhuby. Nebo ho snad skutečně jen spasit... Nakladatelská anotace. | |
| 655 | 7 | |a české romány |7 fd133974 |2 czenas | |
| 655 | 7 | |a fantasy romány |7 fd184199 |2 czenas | |
| 655 | 9 | |a Czech fiction |2 eczenas | |
| 655 | 9 | |a fantasy novels |2 eczenas | |
| 787 | 0 | 8 | |i Z cyklu: |t Krysy apokalypsy |g 2 |
| 900 | |a ABA001 |b 20 | ||
| 044 | |a xr | ||
| 910 | |a RBIT002 | ||
| 998 | |d 345173 |a https://core.palmknihy.cz/api/books/345173/cover?r6legf |b https://core.palmknihy.cz/api/books/345173/cover/400?r6legf |c https://core.palmknihy.cz/api/books/345173/cover/50?r6legf |e 2028-12-31 |g 391 |i 9788027505951 |j https://core.palmknihy.cz/api/books/345173/preview.epub |k https://core.palmknihy.cz/api/books/345173/preview.pdf |l |q 49 |r 1 |s https://www.palmknihy.cz/kniha/345173 |t ebook |y 2021 |z 0 |v Krysy apokalypsy |w 2 | ||
| 999 | |d 311491 | ||